00921nam a2200265Ia 450000500170000000800410001702000150005804100080007310000280008124501040010925000220021330000330023549000510026865000300031965000270034965000310037670000330040770000320044026400490047233600270052133700330054833800280058104000350060908400110064420220316235635.0121119s2003 mx a gr 000 f spa  a96816607141 aspa1 aCollinson, Rogerd1936-10aManos largas cRoger Collinson ; ilustraciones de Patricio Betteo ; traducción de María Vinós aPrimera edición a120 páginasbilustraciones0 aA la orilla del viento. Para los que leen bien14aLiteratura infantil2LEMB14aNiños vNovela2LEMB14aNovela de aventuras 2LEMB1 aBetteo, Patricioeilustrador1 aVinós, Maríaetraductor aMéxicobFondo de Cultura Económicac2003 atextobtxt2rdacontent asin mediaciónbn2rdamedia avolumenbnc2rdacarrier aCO-BoRNBPbspaerdacCO-BoRNBP aN COL8